Charli xcx - Wuthering Heights - Statistics

General Stats
  • This quiz has been taken 30 times
  • The average score is 6 of 12
Answer Stats
2026 Wuthering Heights % Correct
1 House featuring John Cale
92%
5 Chains of Love
83%
3 Dying for You
75%
2 Wall of Sound
71%
12 Funny Mouth
50%
7 Open Up
50%
9 Altars
46%
10 Eyes of the World featuring Sky Ferreira
46%
11 My Reminder
42%
6 Out of Myself
38%
8 Seeing Things
38%
4 Always Everywhere
17%
No matching quizzes found
Score Distribution
Percent of People with Each Score
Percentile by Number Answered
Your Score History
You have not taken this quiz